[Event "World Cup 2015"]
[Site "Baku AZE"]
[Date "2015.09.11"]
[Round "1"]
[White "Gelfand, Boris"]
[Black "Henriquez Villagra, Cristobal"]
[Result "1/2-1/2"]
[WhiteElo "2741"]
[BlackElo "2511"]
[PlyCount "144"]
[EventDate "2015.09.11"]

1. d4 d5 2. c4 c6 3. Nf3 Nf6 4. e3 Bg4 5. h3 Bxf3 6. Qxf3 e6 7. Nc3 Nbd7 8. Bd3
Bb4 9. O-O O-O 10. Rd1 Re8 11. Qe2 Qe7 12. Qc2 dxc4 13. Bxc4 Nb6 14. Bf1 e5 15.
dxe5 Qxe5 16. Ne2 Nbd5 17. Nd4 Rad8 18. Nf3 Qe7 19. a3 Ba5 20. Bd2 Bb6 21. Bc4
Rd7 22. Be1 Red8 23. Rd3 Ne4 24. Rad1 h6 25. b4 a6 26. Qb3 Nef6 27. a4 Ba7 28.
b5 axb5 29. axb5 Bc5 30. Nd4 Bxd4 31. Rxd4 Ra8 32. Be2 Rc7 33. Bf3 Rcc8 34. Rc1
Qe6 35. Bd2 Rab8 36. bxc6 bxc6 37. Qc2 Ne7 38. Rc4 Rb7 39. Bb4 Ned5 40. Bd2
Rbc7 41. Ra1 Nb6 42. Rc5 Nbd7 43. Rca5 Ne5 44. Be2 c5 45. Ra6 Rc6 46. f4 Ned7
47. Bc4 Rxa6 48. Rxa6 Qe8 49. Ra7 Rd8 50. Kh2 Qe7 51. Qb3 Kf8 52. Qb7 Rb8 53.
Qc6 Rb6 54. Ra8+ Ne8 55. Qf3 Rb8 56. Ra7 Nd6 57. Bd5 Nb5 58. Ra5 Nf6 59. Bc6
Nc7 60. Bc3 Ne6 61. Be5 Rc8 62. Bb7 Rd8 63. Ba6 Ng5 64. Qc6 Nge4 65. Be2 Qd7
66. Qb6 Nd5 67. Qb3 f6 68. Bb2 Qc7 69. Rb5 Nd2 70. Qa3 Qe7 71. Rxc5 Nb1 72. Qa5
Nxe3 1/2-1/2

[Event "World Cup 2015"]
[Site "Baku AZE"]
[Date "2015.09.11"]
[Round "1"]
[White "Illingworth, Max"]
[Black "Harikrishna, Pentala"]
[Result "0-1"]
[WhiteElo "2517"]
[BlackElo "2737"]
[PlyCount "118"]
[EventDate "2015.09.11"]

1. Nf3 Nf6 2. c4 b6 3. g3 c5 4. Bg2 Bb7 5. O-O g6 6. Nc3 Bg7 7. d4 cxd4 8. Qxd4
d6 9. Rd1 Nbd7 10. Be3 Rc8 11. Rac1 O-O 12. Qh4 a6 13. b3 Re8 14. Bh3 Ba8 15.
g4 b5 16. cxb5 Qa5 17. g5 Rxc3 18. Rxc3 Qxc3 19. gxf6 Nxf6 20. bxa6 Qc2 21. Re1
Qxa2 22. Qa4 Qxa4 23. bxa4 Nd5 24. Nd4 f5 25. Nb5 Nxe3 26. fxe3 Bh6 27. Kf2 Rc8
28. Rb1 Kf7 29. a7 Rc4 30. a5 Ra4 31. Nc7 Ra3 32. Nxa8 Bxe3+ 33. Kg2 Rxa5 34.
Rb7 Bxa7 35. Nc7 Bd4 36. Rb3 Rc5 37. Nb5 Be5 38. Rb4 Rc2 39. Kf2 Bxh2 40. Nd4
Rc3 41. Nf3 Be5 42. Nxe5+ dxe5 43. Bf1 h5 44. e3 Rc2+ 45. Be2 g5 46. Ke1 g4 47.
Bc4+ Kf6 48. Rb6+ Kg5 49. Bf7 g3 50. Rg6+ Kh4 51. Bd5 Rf2 52. Rh6 Kg4 53. Bc4
Kf3 54. Rxh5 Kxe3 55. Rg5 f4 56. Bd5 e4 57. Re5 Re2+ 58. Kd1 Kf2 59. Rg5 f3 0-1

[Event "World Cup 2015"]
[Site "Baku AZE"]
[Date "2015.09.11"]
[Round "1"]
[White "Perez Ponsa, Federico"]
[Black "Dominguez Perez, Leinier"]
[Result "1-0"]
[WhiteElo "2563"]
[BlackElo "2732"]
[PlyCount "81"]
[EventDate "2015.09.11"]

1. e4 c5 2. Nf3 d6 3. d4 cxd4 4. Nxd4 Nf6 5. Nc3 a6 6. Bg5 Nbd7 7. Qe2 h6 8.
Bh4 b5 9. O-O-O Bb7 10. f4 g5 11. fxg5 hxg5 12. Bxg5 Rc8 13. Nd5 Nxd5 14. exd5
Ne5 15. Qf2 Rc5 16. h4 Qc7 17. Kb1 Bxd5 18. Rg1 Bh6 19. Bxh6 Rxh6 20. g4 Qa5
21. Nb3 Bxb3 22. axb3 Rf6 23. Qg2 d5 24. Bd3 Nc6 25. c3 b4 26. g5 Rd6 27. c4
dxc4 28. Bxc4 Ne5 29. Rxd6 exd6 30. Qa8+ Qd8 31. Qe4 Qe7 32. Re1 Kd8 33. Qa8+
Rc8 34. Qxa6 Qd7 35. Qb6+ Ke7 36. Qf2 Kd8 37. Qb6+ Rc7 38. Bb5 Qf5+ 39. Ka2 Kc8
40. Qxd6 Nc6 41. Ba6+ 1-0

[Event "World Cup 2015"]
[Site "Baku AZE"]
[Date "2015.09.13"]
[Round "1"]
[White "Iordachescu, Viorel"]
[Black "Yu, Yangyi"]
[Result "0-1"]
[WhiteElo "2583"]
[BlackElo "2721"]
[PlyCount "84"]
[EventDate "2015.09.11"]

1. e4 c5 2. Nf3 e6 3. Nc3 Nc6 4. d4 cxd4 5. Nxd4 Nf6 6. Ndb5 d6 7. Bf4 e5 8.
Bg5 a6 9. Na3 b5 10. Nd5 Be7 11. Bxf6 Bxf6 12. c4 b4 13. Nc2 O-O 14. g3 a5 15.
h4 Be6 16. Qd2 a4 17. Ndxb4 Qb6 18. a3 Na5 19. Rd1 Qb7 20. Ne3 Nb3 21. Qc3 Nd4
22. Bd3 Bd8 23. O-O Bh3 24. Ned5 Bb6 25. Kh2 Bxf1 26. Rxf1 Bc5 27. Kg2 Kh8 28.
Qd2 Rab8 29. Rb1 Qd7 30. Qg5 Rb7 31. Qh5 f6 32. Qd1 Rfb8 33. h5 h6 34. Ra1 Rf8
35. Rb1 Ra8 36. Ra1 Rab8 37. Rb1 Rf8 38. Ra1 f5 39. exf5 Nxf5 40. f3 Qf7 41.
Qe2 Qxh5 42. g4 Nh4+ 0-1

[Event "World Cup 2015"]
[Site "Baku AZE"]
[Date "2015.09.13"]
[Round "1"]
[White "Mareco, Sandro"]
[Black "Ni, Hua"]
[Result "1-0"]
[WhiteElo "2599"]
[BlackElo "2704"]
[PlyCount "109"]
[EventDate "2015.09.11"]

1. Nf3 d5 2. c4 d4 3. b4 f6 4. e3 e5 5. c5 a5 6. Qa4+ Nc6 7. b5 Nb4 8. a3 Nd5
9. exd4 exd4 10. Qxd4 Qe7+ 11. Be2 Qxc5 12. O-O Qxd4 13. Nxd4 Bc5 14. Nb3 Bd6
15. Bf3 Nge7 16. Re1 Nf4 17. d4 Nd3 18. Rd1 Nxc1 19. Rxc1 Be6 20. Nc5 Bxc5 21.
Rxc5 O-O-O 22. b6 c6 23. Nc3 Rxd4 24. Re1 Kd7 25. Rxa5 Bd5 26. Na4 Rc4 27. Be2
Rxa4 28. Rxa4 Kd6 29. Bd3 c5 30. Be4 Rc8 31. Rd1 Kc6 32. Bxd5+ Nxd5 33. Re4 Kd6
34. Rh4 c4 35. Rxh7 Rg8 36. Kf1 Kc5 37. Rh5 Rd8 38. Rc1 Rd6 39. Rh7 Rd7 40. h4
Nxb6 41. h5 f5 42. g3 Kb5 43. Rb1+ Kc5 44. h6 gxh6 45. Rxd7 Nxd7 46. Rxb7 Ne5
47. Ke2 Kd4 48. Rb5 h5 49. a4 f4 50. a5 f3+ 51. Kd2 Nd3 52. a6 Nxf2 53. a7 Ne4+
54. Kc2 f2 55. Rf5 1-0

[Event "World Cup (tie-break) 2015"]
[Site "Baku AZE"]
[Date "2015.09.13"]
[Round "1"]
[White "Jakovenko, Dmitry"]
[Black "Iljiushenok, Ilia"]
[Result "1-0"]
[WhiteElo "2748"]
[BlackElo "2491"]
[PlyCount "131"]
[EventDate "2015.09.11"]

1. d4 d5 2. c4 c6 3. Nc3 Nf6 4. e3 a6 5. Bd3 b5 6. b3 Bg4 7. Nge2 e6 8. Qc2 Bh5
9. Nf4 Bg6 10. Nxg6 hxg6 11. Bb2 Be7 12. a4 bxc4 13. bxc4 a5 14. cxd5 cxd5 15.
Bb5+ Nbd7 16. O-O Ng4 17. h3 Qc7 18. Rfc1 Qh2+ 19. Kf1 Ngf6 20. Ne2 O-O 21. Ng1
Rfd8 22. Bd3 Nh5 23. Ba3 Bh4 24. g4 Nhf6 25. f3 Qg3 26. Qg2 g5 27. Rab1 Rdc8
28. Qxg3 Bxg3 29. Ne2 Bc7 30. Rb7 Bd8 31. Rxc8 Rxc8 32. Bb5 Rc7 33. Rxc7 Bxc7
34. Nc1 Nb6 35. Ke2 e5 36. dxe5 Bxe5 37. Nb3 Bc7 38. Bb2 Nfd7 39. Bd4 Nf8 40.
Bc3 Ne6 41. Bxa5 d4 42. Nxd4 Nxd4+ 43. exd4 Nxa4 44. Bd2 Nb6 45. Bc6 f6 46. Kd3
Kf7 47. Ke4 Nc8 48. Bb4 Bd6 49. Ba5 Bg3 50. Bd8 Ke6 51. d5+ Kf7 52. Bd7 Nd6+
53. Kd3 Be5 54. Bc6 g6 55. Ba5 Ke7 56. Bb4 Kf7 57. Bc5 Ke7 58. Kc2 Kf7 59. Kb3
Nc8 60. Ka4 Bd6 61. Bf2 Ne7 62. Kb5 Ng8 63. Bd7 Ne7 64. Bc5 Be5 65. Be6+ Ke8
66. d6 1-0

[Event "World Cup (tie-break) 2015"]
[Site "Baku AZE"]
[Date "2015.09.13"]
[Round "1"]
[White "Rahman, Ziaur"]
[Black "Tomashevsky, Evgeny"]
[Result "0-1"]
[WhiteElo "2500"]
[BlackElo "2758"]
[PlyCount "132"]
[EventDate "2015.09.11"]

1. b3 d5 2. Bb2 Bg4 3. f3 Bh5 4. e3 e6 5. Nh3 Nf6 6. Nc3 c6 7. Nf4 Bg6 8. d4 c5
9. Qd2 cxd4 10. exd4 Nc6 11. a3 Bd6 12. O-O-O a6 13. Kb1 Qc7 14. Nce2 Na5 15.
Nxg6 hxg6 16. g3 Nc6 17. Bg2 O-O-O 18. f4 Kb8 19. Nc1 Ne4 20. Bxe4 dxe4 21. Qe2
f5 22. c4 Be7 23. d5 exd5 24. cxd5 Na7 25. Bxg7 Nb5 26. a4 Nc3+ 27. Bxc3 Qxc3
28. Qb2 Qxb2+ 29. Kxb2 Bf6+ 30. Kb1 Rd6 31. Rd2 Rhd8 32. Rhd1 Bc3 33. Rc2 Ba5
34. g4 Rxd5 35. Rxd5 Rxd5 36. gxf5 gxf5 37. Ne2 Bd8 38. Kc1 Bb6 39. Kb2 Be3 40.
Rc3 Rd2+ 41. Rc2 Rd6 42. Rc3 Bf2 43. Kc1 Rh6 44. h3 Rg6 45. Rc4 Rg2 46. Kd1 Rh2
47. Rc3 Ka7 48. b4 Kb6 49. Rb3 Kc6 50. Rc3+ Kd6 51. b5 a5 52. Ng3 Bxg3 53. Rxg3
Kd5 54. Rg7 e3 55. Re7 Kd4 56. b6 Rb2 57. Rxb7 Ke4 58. Kc1 Rb4 59. Re7+ Kxf4
60. b7 Kf3 61. h4 Kf2 62. h5 e2 63. h6 Rxb7 64. Rxb7 e1=Q+ 65. Kb2 Qd2+ 66. Ka1
Qxh6 0-1

[Event "World Cup (tie-break) 2015"]
[Site "Baku AZE"]
[Date "2015.09.13"]
[Round "1"]
[White "Henriquez Villagra, Cristobal"]
[Black "Gelfand, Boris"]
[Result "1/2-1/2"]
[WhiteElo "2511"]
[BlackElo "2741"]
[PlyCount "137"]
[EventDate "2015.09.11"]

1. d4 Nf6 2. c4 e6 3. Nf3 d5 4. e3 Be7 5. b3 O-O 6. Bb2 c5 7. Bd3 cxd4 8. exd4
b6 9. O-O Bb7 10. Nbd2 Nc6 11. Rc1 Re8 12. Qe2 Bf8 13. Rfd1 Rc8 14. h3 g6 15.
a3 a5 16. Rc2 Bh6 17. Nf1 a4 18. bxa4 dxc4 19. Bxc4 Na5 20. Bb5 Rxc2 21. Qxc2
Bxf3 22. gxf3 Rf8 23. Ne3 Nd5 24. Nxd5 Qg5+ 25. Kf1 Qxd5 26. Qe4 Rc8 27. Qxd5
exd5 28. Bd3 Nc4 29. Bc3 Nxa3 30. Be1 Ra8 31. Ra1 Bf8 32. Bc3 Rxa4 33. Bb2 Ra5
34. Rc1 b5 35. Rc8 Kg7 36. Bxa3 Bxa3 37. Rb8 Ra4 38. Rxb5 Rxd4 39. Ke2 Bc1 40.
Rb1 Bg5 41. Rd1 Rb4 42. Kf1 Rb2 43. Rb1 Rd2 44. Be2 Ra2 45. Rb5 Rd2 46. Rb1 Rc2
47. Rb5 Rd2 48. Rb1 Kf6 49. Rd1 Ke5 50. Rxd2 Bxd2 51. Bb5 Kf4 52. Ke2 Ba5 53.
Be8 f5 54. Bf7 d4 55. Bg8 h6 56. Bf7 Kg5 57. f4+ Kxf4 58. Bxg6 Ke4 59. f3+ Kf4
60. Bh7 Bd8 61. Bg6 Bg5 62. Bh7 Ke5 63. Bg6 Kf6 64. Bh7 Bf4 65. Kd3 Be3 66. Ke2
Kg5 67. Kd3 h5 68. Ke2 f4 69. Kf1 1/2-1/2

[Event "World Cup (tie-break) 2015"]
[Site "Baku AZE"]
[Date "2015.09.13"]
[Round "1"]
[White "Perez Ponsa, Federico"]
[Black "Dominguez Perez, Leinier"]
[Result "1/2-1/2"]
[WhiteElo "2563"]
[BlackElo "2732"]
[PlyCount "151"]
[EventDate "2015.09.11"]

1. e4 e5 2. Nf3 Nc6 3. Bb5 Nf6 4. d3 d6 5. O-O Be7 6. c3 O-O 7. Re1 a6 8. Ba4
Re8 9. Nbd2 Bf8 10. d4 b5 11. Bc2 Bb7 12. d5 Nb8 13. Nf1 c6 14. dxc6 Bxc6 15.
Bg5 Nbd7 16. Ne3 h6 17. Bh4 Qc7 18. Nd2 d5 19. Bxf6 Nxf6 20. exd5 Nxd5 21. Nxd5
Bxd5 22. Be4 Rad8 23. Qf3 Be6 24. Nf1 g6 25. Bc6 Re7 26. Ne3 f5 27. Nd5 Bxd5
28. Bxd5+ Kh7 29. Rad1 e4 30. Qe2 Red7 31. Be6 Rd6 32. Bb3 h5 33. Rxd6 Bxd6 34.
g3 Bc5 35. Rd1 Rxd1+ 36. Qxd1 f4 37. Kf1 fxg3 38. fxg3 Qe7 39. Qe2 e3 40. Bc2
Kg7 41. Qf3 Qd6 42. Be4 a5 43. Qe2 Qe6 44. Bf3 b4 45. cxb4 axb4 46. b3 Qh3+ 47.
Qg2 Qf5 48. Qe2 g5 49. Kg2 g4 50. Bc6 Bd4 51. Bb5 Qe4+ 52. Kg1 Qb1+ 53. Kg2
Qe4+ 54. Kg1 Qf3 55. Bd3 Kh6 56. Bc4 Kg5 57. Bd3 Bc5 58. Bc4 Bb6 59. Bd3 Ba7
60. Ba6 Bc5 61. Bc4 Bd4 62. Ba6 h4 63. gxh4+ Kxh4 64. Qe1+ Kg5 65. Be2 Qf4 66.
Qf1 Qe4 67. Qf7 Qb1+ 68. Kg2 Qe4+ 69. Kg1 Qf5 70. Qxf5+ Kxf5 71. Kg2 Kf4 72.
Bd1 Bf6 73. Be2 Bh4 74. Bd1 Bf6 75. Be2 Bd4 76. Bd1 1/2-1/2

[Event "World Cup (tie-break) 2015"]
[Site "Baku AZE"]
[Date "2015.09.13"]
[Round "1"]
[White "Gelfand, Boris"]
[Black "Henriquez Villagra, Cristobal"]
[Result "0-1"]
[WhiteElo "2741"]
[BlackElo "2511"]
[PlyCount "86"]
[EventDate "2015.09.11"]

1. d4 d5 2. c4 c6 3. Nf3 Nf6 4. e3 Bg4 5. h3 Bxf3 6. Qxf3 e6 7. Bd3 Bb4+ 8. Nc3
Nbd7 9. a3 Bxc3+ 10. bxc3 O-O 11. O-O Qa5 12. Bd2 e5 13. cxd5 cxd5 14. Qd1 Qc7
15. Qb3 e4 16. Be2 Nb6 17. Rfb1 Rab8 18. a4 Nc4 19. Be1 Rfc8 20. Qa2 b6 21. Rb4
Qc6 22. Rab1 Ne8 23. Bxc4 dxc4 24. f3 exf3 25. Bg3 Rb7 26. Be5 Re7 27. a5 bxa5
28. Rb5 Qg6 29. Rxa5 Qd3 30. Ra3 f6 31. Bf4 g5 32. Bg3 Rxe3 33. Re1 Re2 34.
Rxe2 fxe2 35. Bf2 Qd1+ 36. Kh2 Qf1 37. Bg3 e1=Q 38. Bxe1 Qxe1 39. Rxa7 Qe6 40.
Qb1 Rc7 41. Ra8 Re7 42. Qb4 Kg7 43. Rd8 Qe3 0-1

[Event "World Cup (tie-break) 2015"]
[Site "Baku AZE"]
[Date "2015.09.13"]
[Round "1"]
[White "Dominguez Perez, Leinier"]
[Black "Perez Ponsa, Federico"]
[Result "1-0"]
[WhiteElo "2732"]
[BlackElo "2563"]
[PlyCount "87"]
[EventDate "2015.09.11"]

1. e4 e5 2. Nf3 Nc6 3. Bb5 a6 4. Ba4 Nf6 5. O-O b5 6. Bb3 Bc5 7. a4 Rb8 8. axb5
axb5 9. Nxe5 Nxe5 10. d4 Bxd4 11. Qxd4 d6 12. Bf4 Qe7 13. Nc3 O-O 14. Bg5 c5
15. Qd2 Be6 16. f4 Nc4 17. Qe2 b4 18. e5 bxc3 19. exf6 gxf6 20. Bh6 cxb2 21.
Rab1 Rfe8 22. Bxc4 Bf5 23. Qxe7 Rxe7 24. Bd3 Bxd3 25. cxd3 f5 26. Bg5 Re6 27.
Rf2 Rb3 28. Rd2 Re3 29. d4 c4 30. Rdxb2 Kg7 31. d5 Rbd3 32. Rc1 c3 33. Rbc2 Kg6
34. Bh4 Re4 35. Rxc3 Rxd5 36. Rg3+ Kh6 37. Bf6 Rc5 38. Rxc5 dxc5 39. Bg7+ Kh5
40. Rg5+ Kh4 41. g3+ Kh3 42. Kf2 h5 43. Rxh5+ Kg4 44. Rh4# 1-0

[Event "World Cup (tie-break) 2015"]
[Site "Baku AZE"]
[Date "2015.09.13"]
[Round "1"]
[White "Jakovenko, Dmitry"]
[Black "Iljiushenok, Ilia"]
[Result "1-0"]
[WhiteElo "2748"]
[BlackElo "2491"]
[PlyCount "65"]
[EventDate "2015.09.11"]

1. d4 Nf6 2. c4 g6 3. g3 Bg7 4. Bg2 O-O 5. Nc3 d6 6. Nf3 c5 7. d5 e6 8. O-O
exd5 9. cxd5 a6 10. a4 Nbd7 11. Bf4 Qc7 12. h3 Re8 13. Re1 Rb8 14. e4 b5 15.
axb5 axb5 16. e5 dxe5 17. d6 Qb6 18. Nxe5 Bb7 19. Nxd7 Nxd7 20. Nd5 Bxd5 21.
Qxd5 Bxb2 22. Re7 Rf8 23. Rb1 Nf6 24. Qg5 Bd4 25. Rd1 Nh5 26. Rxd4 cxd4 27. Be5
d3 28. g4 Qa5 29. gxh5 Qe1+ 30. Kh2 d2 31. Qf6 Qxe5+ 32. Rxe5 d1=Q 33. h6 1-0

[Event "World Cup (tie-break) 2015"]
[Site "Baku AZE"]
[Date "2015.09.16"]
[Round "2"]
[White "Nguyen, Ngoc Truong Son"]
[Black "Tomashevsky, Evgeny"]
[Result "1/2-1/2"]
[WhiteElo "2634"]
[BlackElo "2758"]
[PlyCount "134"]
[EventDate "2015.09.11"]

1. d4 Nf6 2. Bg5 d5 3. e3 c5 4. Bxf6 gxf6 5. dxc5 e6 6. c4 dxc4 7. Nd2 c3 8.
bxc3 Bxc5 9. Qg4 Nd7 10. Bb5 a6 11. Bxd7+ Bxd7 12. Qg7 Rf8 13. Ngf3 Be7 14. O-O
Qc7 15. Ne4 O-O-O 16. Nxf6 Bc6 17. Qh6 Bxf3 18. gxf3 Bxf6 19. Qxf6 Rd5 20. Qg7
Rfd8 21. Kh1 Kb8 22. Qg3 e5 23. Rab1 Ka7 24. Qh4 Rd2 25. Qxh7 Rxa2 26. Qe4 f6
27. f4 exf4 28. Qxf4 Qc6+ 29. e4 Re2 30. Rbe1 Rxe1 31. Rxe1 Qxc3 32. Re3 Qa1+
33. Kg2 Rd1 34. Rg3 Re1 35. h4 Rg1+ 36. Kh3 Rh1+ 37. Kg4 Qd1+ 38. Kf5 Qh5+ 39.
Kxf6 Qh8+ 40. Kf7 Rxh4 41. Qe3+ b6 42. Rg7 Qd8 43. e5 a5 44. e6 Qd5 45. Kf6+
Ka6 46. Rd7 Qb5 47. Qd3 Rf4+ 48. Kg7 Rg4+ 49. Kh6 Rh4+ 50. Kg6 Rg4+ 51. Kh6
Rh4+ 52. Kg7 Rg4+ 53. Kf8 Rf4+ 54. Ke8 Rxf2 55. e7 Qxd3 56. Rxd3 Re2 57. Kd7
Kb5 58. Kd6 Kc4 59. Rd1 a4 60. Rc1+ Kb4 61. Rc8 a3 62. e8=Q Rxe8 63. Rxe8 a2
64. Ra8 Kb3 65. Kc6 Kb2 66. Kxb6 a1=Q 67. Rxa1 Kxa1 1/2-1/2

[Event "World Cup (tie-break) 2015"]
[Site "Baku AZE"]
[Date "2015.09.16"]
[Round "2"]
[White "Le, Quang Liem"]
[Black "Vitiugov, Nikita"]
[Result "1/2-1/2"]
[WhiteElo "2697"]
[BlackElo "2725"]
[PlyCount "61"]
[EventDate "2015.09.11"]

1. d4 Nf6 2. c4 e6 3. Nc3 Bb4 4. e3 c5 5. Nge2 cxd4 6. exd4 d5 7. c5 Ne4 8. Bd2
Nxd2 9. Qxd2 a5 10. a3 Bxc3 11. Nxc3 a4 12. Rc1 O-O 13. Be2 Bd7 14. O-O Nc6 15.
Bd1 Ne7 16. Na2 Qa5 17. Qxa5 Rxa5 18. Bc2 Bb5 19. Rfe1 Nc6 20. Rcd1 Ne7 21. Nc3
Bc6 22. Rd2 Rb8 23. Rc1 g6 24. Bd3 Kf8 25. Kf1 Bd7 26. Ke1 h5 27. h4 Ke8 28. g3
Nc6 29. Bc2 Ne7 30. Na2 Bb5 31. Nc3 1/2-1/2

[Event "World Cup (tie-break) 2015"]
[Site "Baku AZE"]
[Date "2015.09.16"]
[Round "2"]
[White "Areshchenko, Alexander"]
[Black "Aronian, Levon"]
[Result "1-0"]
[WhiteElo "2661"]
[BlackElo "2765"]
[PlyCount "85"]
[EventDate "2015.09.11"]

1. e4 g6 2. d4 Bg7 3. Nc3 a6 4. f4 b5 5. Nf3 b4 6. Nb1 Bb7 7. Bd3 c5 8. dxc5 a5
9. a3 Qc7 10. axb4 axb4 11. Rxa8 Bxa8 12. c3 Qxc5 13. Qa4 Bb7 14. Qxb4 Qxb4 15.
cxb4 Na6 16. Bd2 Nf6 17. Bc3 O-O 18. Nbd2 Nh5 19. g3 Rc8 20. Kf2 Bxc3 21. bxc3
Rxc3 22. Bxa6 Bxa6 23. Ra1 Bb7 24. Ra7 Bc6 25. Ne5 Nf6 26. Nxc6 dxc6 27. Rxe7
Ng4+ 28. Kg2 Nf6 29. Nf3 Kf8 30. Rc7 Rc2+ 31. Kg1 Rc1+ 32. Kg2 Rc2+ 33. Kg1 Ng4
34. Nd4 Rxh2 35. Nxc6 Rb2 36. Rb7 Ne3 37. b5 h5 38. Ne5 f6 39. Nxg6+ Ke8 40. b6
Ng4 41. Re7+ Kd8 42. b7 Nh2 43. b8=Q+ 1-0

[Event "World Cup (tie-break) 2015"]
[Site "Baku AZE"]
[Date "2015.09.16"]
[Round "2"]
[White "Wei, Yi"]
[Black "Vovk, Yuri"]
[Result "0-1"]
[WhiteElo "2734"]
[BlackElo "2628"]
[PlyCount "84"]
[EventDate "2015.09.11"]

1. e4 e6 2. d4 d5 3. Nc3 Nf6 4. e5 Nfd7 5. f4 c5 6. Nf3 Nc6 7. Be3 Qb6 8. Na4
Qa5+ 9. c3 c4 10. b4 Qc7 11. g3 Be7 12. Bg2 f5 13. O-O O-O 14. Nb2 b5 15. a4
bxa4 16. Nxa4 Rb8 17. Ng5 Bxg5 18. fxg5 a5 19. bxa5 Nxa5 20. g4 Nb3 21. gxf5
Nxa1 22. Qxa1 Rxf5 23. Rxf5 exf5 24. Bxd5+ Kh8 25. Qf1 Qa5 26. Bc6 Bb7 27. Bxd7
Qd5 28. Bf4 Ba8 29. Bxf5 Rf8 30. Nb6 Qh1+ 31. Kf2 Qf3+ 32. Kg1 Qxc3 33. Bg3
Qxd4+ 34. Qf2 Qa1+ 35. Qe1 Qa7 36. Qf2 c3 37. e6 Bc6 38. e7 Qxe7 39. Nc4 Be4
40. Nd6 c2 41. Nxe4 c1=Q+ 42. Kg2 Qc6 0-1

[Event "World Cup (tie-break) 2015"]
[Site "Baku AZE"]
[Date "2015.09.19"]
[Round "3"]
[White "Topalov, Veselin"]
[Black "Lu, Shanglei"]
[Result "1-0"]
[WhiteElo "2816"]
[BlackElo "2599"]
[PlyCount "51"]
[EventDate "2015.09.11"]

1. e4 c5 2. Nf3 d6 3. d4 cxd4 4. Nxd4 Nf6 5. Nc3 a6 6. Be2 g6 7. Be3 Bg7 8. Qd2
Nc6 9. f3 d5 10. exd5 Nxd5 11. Nxc6 bxc6 12. Bd4 Bxd4 13. Qxd4 O-O 14. O-O-O
Be6 15. Qc5 Qb8 16. g3 a5 17. Na4 Rd8 18. a3 h5 19. Rd2 Qc7 20. Rhd1 h4 21. f4
Rab8 22. c4 Nf6 23. Qe5 Rdc8 24. Nc5 Bf5 25. Qxc7 Rxc7 26. Na6 1-0

[Event "World Cup (tie-break) 2015"]
[Site "Baku AZE"]
[Date "2015.09.19"]
[Round "3"]
[White "Lu, Shanglei"]
[Black "Topalov, Veselin"]
[Result "1/2-1/2"]
[WhiteElo "2599"]
[BlackElo "2816"]
[PlyCount "203"]
[EventDate "2015.09.11"]

1. Nc3 d5 2. e4 dxe4 3. Nxe4 Bf5 4. Qe2 Nd7 5. d3 e6 6. g4 Bg6 7. h4 h5 8. g5
Ne7 9. Bd2 Nc6 10. O-O-O Be7 11. Bc3 O-O 12. Nh3 e5 13. Ng3 Nc5 14. Bg2 Na4 15.
Bxe5 Nxe5 16. Qxe5 c6 17. Nf4 Re8 18. Nfxh5 Bf8 19. Qf4 Qa5 20. Qc4 b5 21. Qb3
Nc5 22. Qc3 Qxa2 23. Rhe1 Na4 24. Qb3 Qxb3 25. cxb3 Rxe1 26. Rxe1 Nc5 27. Nf4
Bd6 28. Nge2 Re8 29. Rd1 Nxb3+ 30. Kc2 Nc5 31. Bf3 Bf5 32. Nd4 Bd7 33. Nfe2 a5
34. Nc3 Na6 35. Ne4 Nb4+ 36. Kb1 Bf8 37. h5 a4 38. h6 Re5 39. Bg2 Nd5 40. Rc1
Nf4 41. Bf1 c5 42. hxg7 Kxg7 43. Nf3 Rf5 44. Nh4 Re5 45. Nf3 Rf5 46. d4 cxd4
47. Rc7 Ne6 48. Rxd7 Rxf3 49. Bxb5 a3 50. Be2 Rf4 51. f3 axb2 52. Ng3 Kg6 53.
Rd5 Nxg5 54. Bd3+ Kh6 55. Nf5+ Kh5 56. Nxd4 Bg7 57. Nf5 Bf6 58. Ng3+ Kh4 59.
Nf5+ Kh5 60. Rd6 Ne6 61. Be4 Kg5 62. Rd5 Rxe4 63. fxe4 Kf4 64. Nd6 Nd4 65. Rh5
Bg7 66. Rh7 Be5 67. Rxf7+ Ke3 68. Nc4+ Kxe4 69. Kxb2 Kd5 70. Ne3+ Ke4 71. Ng4
Nf3+ 72. Kb3 Bd4 73. Rf8 Nd2+ 74. Kb4 Nf3 75. Kb5 Ba1 76. Re8+ Kf4 77. Nf2 Ne5
78. Kc5 Kf3 79. Rf8+ Ke3 80. Kd5 Nd3 81. Ng4+ Ke2 82. Rf5 Bg7 83. Ke4 Bc3 84.
Kd5 Bd2 85. Kd4 Bb4 86. Rh5 Bc5+ 87. Kc4 Bf2 88. Rh2 Kf3 89. Kxd3 Bg3 90. Rh8
Kxg4 91. Ke4 Bc7 92. Rg8+ Kh4 93. Kf5 Kh3 94. Rg4 Kh2 95. Ke4 Kh1 96. Kf3 Kh2
97. Rg2+ Kh1 98. Kf2 Bb6+ 99. Kf1 Bc7 100. Rg7 Bd6 101. Rh7+ Bh2 102. Kf2
1/2-1/2

[Event "World Cup (tie-break) 2015"]
[Site "Baku AZE"]
[Date "2015.09.19"]
[Round "3"]
[White "Andreikin, Dmitry"]
[Black "Kramnik, Vladimir"]
[Result "1-0"]
[WhiteElo "2720"]
[BlackElo "2777"]
[PlyCount "91"]
[EventDate "2015.09.11"]

1. e4 e5 2. Nf3 Nc6 3. d4 exd4 4. Nxd4 Nf6 5. Nxc6 bxc6 6. Qe2 Qe7 7. Nc3 Qe6
8. a3 a5 9. Bf4 Bc5 10. O-O-O O-O 11. Bxc7 Re8 12. e5 Ng4 13. Ne4 Ba7 14. Kb1
d5 15. exd6 Qxe4 16. Qxe4 Rxe4 17. f3 Nf2 18. fxe4 Nxd1 19. Ba6 Bxa6 20. Rxd1
Bc5 21. a4 Be2 22. Rd2 Bf1 23. g3 f6 24. d7 Be7 25. d8=Q+ Bxd8 26. Rxd8+ Rxd8
27. Bxd8 Kf7 28. Bxa5 Ke6 29. Bb6 Ke5 30. b3 Kxe4 31. c4 Kd3 32. a5 Bh3 33. a6
Bc8 34. a7 Bb7 35. Kb2 f5 36. Ka3 g5 37. Kb4 f4 38. gxf4 gxf4 39. Bg1 Ba8 40.
Kc5 Kc3 41. b4 f3 42. b5 cxb5 43. cxb5 Kb3 44. b6 Ka4 45. Kd6 Kb5 46. Kc7 1-0

[Event "Poikovsky Karpov Tournament 2015"]
[Site "Poikovsky RUS"]
[Date "2015.09.28"]
[Round "1"]
[White "Morozevich, A."]
[Black "Bologan, V."]
[Result "0-1"]
[WhiteElo "2711"]
[BlackElo "2607"]
[PlyCount "60"]
[EventDate "2015.09.27"]

1. Nf3 d5 2. g3 c6 3. Bg2 Bf5 4. c4 e6 5. Qb3 Qb6 6. d3 Nf6 7. Be3 Qxb3 8. axb3
a6 9. Nh4 Bg6 10. f4 Nbd7 11. h3 Bb4+ 12. Kd1 O-O 13. Nd2 Rfd8 14. Kc2 b5 15.
Rhd1 a5 16. Nxg6 hxg6 17. Nf3 Re8 18. Nd4 Rac8 19. Bd2 Nh5 20. cxb5 cxb5+ 21.
Kb1 Nxg3 22. Nxb5 Rb8 23. Nd4 Nc5 24. Be3 Nf5 25. Nxf5 gxf5 26. Ka2 Nxb3 27.
Rab1 Bd6 28. Ba7 Rb4 29. e4 Ra8 30. Be3 Rab8 0-1

[Event "Poikovsky Karpov Tournament 2015"]
[Site "Poikovsky RUS"]
[Date "2015.09.28"]
[Round "1"]
[White "Shirov, A."]
[Black "Inarkiev, E."]
[Result "1/2-1/2"]
[WhiteElo "2712"]
[BlackElo "2660"]
[PlyCount "122"]
[EventDate "2015.09.27"]

1. e4 e5 2. Nf3 Nc6 3. Bb5 a6 4. Ba4 Nf6 5. O-O Be7 6. Re1 b5 7. Bb3 d6 8. c3
O-O 9. d4 Bg4 10. Be3 Bh5 11. h3 exd4 12. cxd4 d5 13. e5 Ne4 14. Nc3 Nxc3 15.
bxc3 Na5 16. Bc2 Qd7 17. g4 Bg6 18. Bg5 Nc4 19. Bf5 Bxf5 20. Bxe7 Bc2 21. Qxc2
Qxe7 22. Nd2 f5 23. exf6 Qxf6 24. Nxc4 dxc4 25. Re5 Qh6 26. Rh5 Qg6 27. Qxg6
hxg6 28. Rc5 Rae8 29. a4 Re2 30. Rf1 bxa4 31. Rxc7 a3 32. Rxc4 Rf3 33. Kg2 Rd3
34. Rc6 Kh7 35. Ra1 a2 36. Rxa6 Rdd2 37. Kg3 g5 38. h4 gxh4+ 39. Kxh4 Rxf2 40.
Kg5 Rh2 41. Re1 Rh6 42. Rxh6+ gxh6+ 43. Kf4 Re2 44. Ra1 Kg6 45. c4 Kf6 46. c5
Ke6 47. Kf3 Rb2 48. Ke4 Re2+ 49. Kd3 Rb2 50. Kc4 Rd2 51. Re1+ Kd7 52. Kd5 Kc7
53. Re7+ Kb8 54. Re8+ Ka7 55. Re1 Kb7 56. Kc4 Rc2+ 57. Kb3 Rd2 58. Kc3 Re2 59.
Ra1 Kc6 60. Kb3 Rd2 61. Rxa2 Rxd4 1/2-1/2

[Event "Poikovsky Karpov Tournament 2015"]
[Site "Poikovsky RUS"]
[Date "2015.09.28"]
[Round "1"]
[White "Lysyj, I."]
[Black "Korobov, A."]
[Result "1/2-1/2"]
[WhiteElo "2671"]
[BlackElo "2700"]
[PlyCount "116"]
[EventDate "2015.09.27"]

1. d4 Nf6 2. c4 e6 3. Nf3 b6 4. a3 Bb7 5. Nc3 d5 6. Bg5 Be7 7. e3 O-O 8. cxd5
Nxd5 9. Nxd5 Bxg5 10. Nc3 Nd7 11. Bc4 Bf6 12. Rc1 c5 13. dxc5 Rc8 14. O-O Rxc5
15. Be2 Bxc3 16. Rxc3 Rxc3 17. bxc3 Qc7 18. Nd4 Nf6 19. c4 Rd8 20. Qa1 h5 21.
h3 e5 22. Nb3 a5 23. Rd1 a4 24. Nd2 h4 25. Qb2 Qc5 26. Nf3 Rxd1+ 27. Bxd1 Bxf3
28. gxf3 Nh7 29. f4 exf4 30. exf4 Nf6 31. Bxa4 Qxc4 32. Bd1 Qc5 33. Bf3 Qd6 34.
Kg2 Nd7 35. Qb5 Nf8 36. Bg4 g6 37. Qg5 Qxa3 38. Qxh4 Qa8+ 39. Bf3 Qc8 40. Qf6
Qe6 41. Qd4 Nh7 42. Bd5 Qf6 43. Qe5 Kg7 44. Kg3 Nf8 45. Qc7 Ne6 46. Bxe6 Qxe6
47. Qc3+ Kh7 48. Qb4 Qc6 49. Qb3 Kg8 50. Qd3 Qc5 51. f5 Qc7+ 52. Kg4 Qc8 53.
Kf4 Qc1+ 54. Kg4 Qc6 55. fxg6 Qxg6+ 56. Qxg6+ fxg6 57. Kf4 Kf7 58. Ke5 Ke7
1/2-1/2